| 000 | 02951nam a2200397 a 4500 | ||
|---|---|---|---|
| 008 | 140806c20039999||||||||||||||||| || u | ||
| 020 | _a0072942444 | ||
| 020 | _a0072470267 (Text) | ||
| 050 | _aCD/HA 29 Bow | ||
| 100 | _aBowerman, Bruce L | ||
| 245 | 1 | 0 |
_aBusiness statistics in practice.-- 3rd ed. _cBruce L. Bowerman, Richard T. O'Connell _h[cd-rom] |
| 246 | _aStudent CD-ROM to accompany Business statistics in practice.-- 3rd ed. | ||
| 250 | _a3rd ed. | ||
| 260 |
_aBoston _bMcGraw-Hill _c2003 |
||
| 300 | _a4 3/4inches | ||
| 650 | 3 | _aP0PULATION STATISTICS | |
| 650 | 0 | _aCOMMERCIAL STATISTICS | |
| 700 | _aO'Connell, Richard T | ||
| 995 |
_ae-RESOURCES _e20140149 _FCBU-MAIN LIBRARY (Kitwe) _jCD/HA 29 Bow _M11 _UAVAILABLE _WApr 21, 2016 _y20140149 _Ze-Media Collection |
||
| 995 |
_ae-RESOURCES _e20140185 _FCBU-MAIN LIBRARY (Kitwe) _jCD/HA 29 Bow _M5 _UAVAILABLE _WAug 27, 2014 _y20140185 _Ze-Media Collection |
||
| 995 |
_ae-RESOURCES _e20141118 _FCBU-MAIN LIBRARY (Kitwe) _jCD/HA 29 Bow _M13 _UAVAILABLE _WMay 10, 2016 _y20141118 _Ze-Media Collection |
||
| 995 |
_ae-RESOURCES _e20141143 _FCBU-MAIN LIBRARY (Kitwe) _jCD/HA 29 Bow _M14 _UAVAILABLE _WMay 12, 2016 _y20141143 _Ze-Media Collection |
||
| 995 |
_ae-RESOURCES _e20140086 _FCBU-MAIN LIBRARY (Kitwe) _jCD/HA 29 Bow _M3 _UAVAILABLE _WAug 6, 2014 _y20140086 _Ze-Media Collection |
||
| 995 |
_ae-RESOURCES _e20142277 _FCBU-MAIN LIBRARY (Kitwe) _jCD/HA 29 Bow _M17 _UAVAILABLE _WJul 26, 2016 _y20142277 _Ze-Media Collection |
||
| 995 |
_ae-RESOURCES _e20141163 _FCBU-MAIN LIBRARY (Kitwe) _jCD/HA 29 Bow _M12 _UAVAILABLE _WMay 5, 2016 _y20141163 _Ze-Media Collection |
||
| 995 |
_ae-RESOURCES _e20140087 _FCBU-MAIN LIBRARY (Kitwe) _jCD/HA 29 Bow _M4 _UAVAILABLE _WAug 7, 2014 _y20140087 _Ze-Media Collection |
||
| 995 |
_ae-RESOURCES _e20142027 _FCBU-MAIN LIBRARY (Kitwe) _jCD/HA 29 Bow _M16 _UAVAILABLE _WJun 28, 2016 _y20142027 _Ze-Media Collection |
||
| 995 |
_ae-RESOURCES _e20141149 _FCBU-MAIN LIBRARY (Kitwe) _jCD/HA 29 Bow _M6 _UAVAILABLE _WMar 29, 2016 _y20141149 _Ze-Media Collection |
||
| 995 |
_ae-RESOURCES _e20140159 _FCBU-MAIN LIBRARY (Kitwe) _jCD/HA 29 Bow _M10 _UAVAILABLE _WApr 21, 2016 _y20140159 _Ze-Media Collection |
||
| 995 |
_ae-RESOURCES _e20140085 _FCBU-MAIN LIBRARY (Kitwe) _jCD/HA 29 Bow _M2 _UAVAILABLE _WAug 6, 2014 _y20140085 _Ze-Media Collection |
||
| 995 |
_ae-RESOURCES _e20141150 _FCBU-MAIN LIBRARY (Kitwe) _jCD/HA 29 Bow _M8 _UAVAILABLE _WApr 21, 2016 _y20141150 _Ze-Media Collection |
||
| 995 |
_ae-RESOURCES _e20140172 _FCBU-MAIN LIBRARY (Kitwe) _jCD/HA 29 Bow _M9 _UAVAILABLE _WApr 21, 2016 _y20140172 _Ze-Media Collection |
||
| 995 |
_ae-RESOURCES _e20140205 _FCBU-MAIN LIBRARY (Kitwe) _jCD/HA 29 Bow _M7 _UAVAILABLE _WMar 29, 2016 _y20140205 _Ze-Media Collection |
||
| 995 |
_ae-RESOURCES _e20142085 _FCBU-MAIN LIBRARY (Kitwe) _jCD/HA 29 Bow _M15 _UAVAILABLE _WJun 23, 2016 _y20142085 _Ze-Media Collection |
||
| 995 |
_ae-RESOURCES _e20140084 _FCBU-MAIN LIBRARY (Kitwe) _jCD/HA 29 Bow _M1 _UAVAILABLE _WAug 6, 2014 _y20140084 _Ze-Media Collection |
||
| 999 |
_c79072 _d79072 |
||